Pokémon - Les attaques de Larvibule - Statistiques

Statistiques générales
  • Ce quiz a été pris 14 fois
  • Le résultat moyen est 7 sur 10
Statistiques - réponses
Niveaux Types Noms des attaques % Correct
Niveau 21 Électrique Étincelle
100%
Départ Sol Coud'Boue
89%
Niveau 10 Insecte Piqûre
89%
Niveau 5 Insecte Sécrétion
89%
Niveau 40 Sol Tunnel
89%
Niveau 35 Ténèbres Mâchouille
78%
Niveau 15 Ténèbres Morsure
67%
Niveau 30 Insecte Plaie Croix
44%
Niveau 25 Insecte Toile Gluante
44%
Départ Normal Force Poigne
22%
Aucun quiz correspondant
Distribution des résultats
% des personnes avec chaque résultat
Percentile par nombre de réponses
Votre historique - résultats
Vous n’avez pas pris ce quiz